[Event "Tournoi francophone 020E"]
[Site "Skype"]
[Date "????.??.??"]
[Round "7.2"]
[White "Tolaro, Filippa"]
[Black "Milanese, Serge"]
[Result "0-1"]
[WhiteElo "1048"]
[BlackElo "1202"]
[PlyCount "60"]

1. d4 Nf6 2. Bf4 e6 3. Nf3 d5 4. e3 Bd6 5. Ne5 a6 6. Bd3 Nbd7 7. O-O O-O 8. Nd2
c5 9. c4 Re8 10. a3 Be7 11. b4 Nxe5 12. Bxe5 cxd4 13. exd4 b6 14. c5 Bb7 15.
Rc1 bxc5 16. bxc5 Bc6 17. Nb3 Bb5 18. Bxf6 Bxf6 19. c6 Qd6 20. Rc5 Bxd3 21.
Qxd3 Rec8 22. Rfc1 Qc7 23. Na5 Be7 24. R5c3 Qxa5 25. c7 Bd6 26. Qb1 Rxc7 27.
Rxc7 Bxc7 28. Qb4 Qxb4 29. axb4 Rc8 30. h4 Bh2+ 0-1

[Event "Tournoi francophone 020E"]
[Site "Skype"]
[Date "????.??.??"]
[Round "7.3"]
[White "Gerbaux, Regis"]
[Black "Hargez, Dany"]
[Result "0-1"]
[WhiteElo "1023"]
[BlackElo "1296"]
[PlyCount "34"]

1. e4 e5 2. Nf3 d6 3. h3 Nf6 4. d3 Be7 5. c3 Nbd7 6. Nbd2 d5 7. exd5 Nxd5 8.
Nc4 O-O 9. Ncxe5 Bd6 10. d4 Re8 11. Bf4 Nxf4 12. Bc4 Nxe5 13. dxe5 Ng6 14. O-O
Nxe5 15. Re1 Nxc4 16. Qd5 Nb6 17. Ne5 Nxd5 0-1

[Event "Tournoi francophone 020E"]
[Site "Skype"]
[Date "????.??.??"]
[Round "7.5"]
[White "Codina, Teresa"]
[Black "Rodriguez, Nathalie"]
[Result "1/2-1/2"]
[WhiteElo "1254"]
[BlackElo "1224"]
[PlyCount "84"]

1. d4 d5 2. Nf3 Bf5 3. Bf4 h6 4. h3 Nc6 5. a3 e6 6. e3 Nf6 7. Be2 Bd6 8. Bh2
Bxh2 9. Nxh2 a6 10. O-O O-O 11. Nf3 Re8 12. Nbd2 Qd6 13. c4 dxc4 14. Nxc4 Qd5
15. Nce5 Nxe5 16. Nxe5 b5 17. Rc1 c6 18. Nxc6 Be4 19. f3 Bf5 20. Ne5 Nd7 21.
Nxd7 Qxd7 22. e4 Bg6 23. Qd2 e5 24. Rfd1 Qxd4+ 25. Qxd4 exd4 26. Rxd4 Rac8 27.
Rcd1 Rc2 28. R1d2 Rxd2 29. Rxd2 Rc8 30. b4 Kf8 31. Rd6 Ke7 32. Rxa6 Rb8 33. Rc6
f6 34. Rc5 Be8 35. h4 Kd6 36. f4 Bc6 37. e5+ fxe5 38. fxe5+ Kd7 39. Bg4+ Kc7
40. e6 Re8 41. Kf2 Kd6 42. Ke3 Re7 1/2-1/2